Quiz prawda czy fałsz - piłka nożna #1 - Statystyki

Ogólne statystyki
  • Ten quiz został rozwiązany 281 razy
  • Średni wynik to 9 z 15
Statystyki odpowiedzi
Zagadnienie Odpowiedź % Poprawnych
Maroko zostało pierwszą afrykańską reprezentacją, która awansowała do półfinału Mistrzostw Świata. Prawda
89%
Real Madryt w sezonie 2023/24 wygrał Ligę Mistrzów po raz 13. Fałsz
82%
Marek Hamšík ma najwięcej występów w reprezentacji Słowacji. Prawda
79%
Lionel Messi rozegrał więcej niż 50 meczów w barwach PSG. Prawda
73%
Sir Alex Ferguson zdobył mistrzostwo Anglii z Manchesterem United ponad 10 razy. Prawda
71%
Arka Gdynia zagra w Ekstraklasie w sezonie 2024/25. Fałsz
70%
Legia Warszawa zdobyła więcej niż 7 mistrzostw Polski w XXI wieku. Prawda
68%
W Euro 2024 wezmą udział 24 reprezentacje. Prawda
61%
Tomasz Frankowski to najlepszy strzelec Wisły Kraków. Fałsz
56%
Ryan Giggs był trenerem reprezentacji Szkocji. Fałsz
51%
Najwięcej razy w tureckiej Superlidze triumfowało Fenerbahçe SK. Fałsz
48%
Zambia wygrała Puchar Narodów Afryki w XXI wieku. Prawda
39%
Trzej ostatni królowie strzelców Ekstraklasy byli Hiszpanami. Prawda
36%
Polska ma więcej występów na Mistrzostwach Świata niż Portugalia. Prawda
32%
Senegal ma więcej występów w Pucharze Narodów Afryki niż Kamerun. Fałsz
27%
Nie znaleziono quizów pasujących do podanych kryteriów
Rozkład punktacji
Procent ludzi z każdym wynikiem
Percentyl według liczby udzielonych odpowiedzi
Twoja historia wyników
Nie rozwiązałeś tego quizu